Overenie a vyhodnotenie účinnosti uplatňovania orientačných normatívov vlastných nákladov v poľnohospodárskej praxi záverečná výskumná správa ŠPEV 903 529 308 - 04/06.4
Na minha lista:
| Autor principal: | |
|---|---|
| Formato: | Livro |
| Idioma: | eslovaco |
| Publicado em: |
Bratislava
Výskumný ústav ekonomiky poľnohospodárstva a potravinárstva
1984
|
| Tags: |
Sem tags, seja o primeiro a adicionar uma tag!
|
MARC
| LEADER | 00000nam a2200000 4500 | ||
|---|---|---|---|
| 001 | c106941 | ||
| 005 | 20221128070627.2 | ||
| 041 | 0 | |a slo | |
| 044 | |a SK | ||
| 245 | 1 | 0 | |a Overenie a vyhodnotenie účinnosti uplatňovania orientačných normatívov vlastných nákladov v poľnohospodárskej praxi |b záverečná výskumná správa ŠPEV 903 529 308 - 04/06.4 |c Mária Kubanková |
| 264 | 1 | |a Bratislava |b Výskumný ústav ekonomiky poľnohospodárstva a potravinárstva |c 1984 | |
| 300 | |a 47 s. | ||
| 100 | 1 | |a Kubanková, Mária | |